000 00985cam a2200217 4500
001 WB4012-10
008 040325n2004 000 0 eng u
035 _a(Sirsi) u125588
245 _aTerrorism claims may bankrupt consultants
260 _c2004
490 _aNew Civil Engineer
_v (1524) 25 March 2004, 5(1)
520 _aThe Association of Consulting Engineers has warned that consultants who face resulting claims from building owners over terrorist attacks may be bankrupted. It has written to the construction minister urging him to consider new laws excluding consultants from terrorism related risks. They have also asked him to consider setting up an insurance fund using public and private sector cash to pay claims made by victims of attacks on buildings.
590 _aWB
590 _aWB
650 _aINSURANCE CLAIMS
650 _aTERRORIST ATTACKS
650 _aTERRORISM INSURANCE
650 _aCONSULTANTS
690 _aINSURANCE
_96249
942 _n0
999 _c117143
_d117143